Farm Merge Valley Animal Names - Statistics

General Stats
  • This quiz has been taken 8 times
  • The average score is 3 of 28
Answer Stats
Animal Name % Correct
Chicken Lola
57%
Goat Billie
29%
Goat Caramel
29%
Goat Daisy
29%
Chicken Francine
29%
Pig Winston
29%
Cow Bella
14%
Pig Charlie
14%
Deer Olive
14%
Truffle Pig Olly
14%
Deer Oscar
14%
Cow Ruby
14%
Pig Truffles
14%
Chicken Alice
0%
Truffle Pig Buck
0%
Sheep Dolly
0%
Truffle Pig Elvis
0%
Pig George
0%
Deer Jamie
0%
Truffle Pig Leo
0%
Goat Lily
0%
Sheep Mabel
0%
Deer Miles
0%
Cow Nellie
0%
Sheep Rosie
0%
Sheep Snowflake
0%
Chicken Suzy
0%
Cow Tina
0%
No matching quizzes found
Score Distribution
Percent of People with Each Score
Percentile by Number Answered
Your Score History
You have not taken this quiz